000 00360nam a2200145Ia 4500
008 230711s9999||||xx |||||||||||||| ||und||
041 _aENG
082 _a4
_bGR-L
100 _aGraves Smith ,T.R
245 0 _aLinear analysis of frame work
250 _a1st
260 _c1983
_aNew York
_bJohn Wiley & Sons.Inc
650 _aComputer Engineering
942 _cBK
999 _c1095
_d1095